[Event "Sokolka op 5th"]
[Site "Sokolka"]
[Date "2014.07.11"]
[Round "4"]
[White "Rusak, Jan"]
[Black "Glapa, Witold"]
[Result "0-1"]
[WhiteElo "1484"]
[BlackElo "1723"]
[PlyCount "120"]
[EventDate "2014.07.08"]
[EventType "swiss"]
[EventRounds "9"]
[EventCountry "POL"]
[SourceTitle "CBM 161 Extra"]
[Source "ChessBase"]
[SourceDate "2014.08.29"]
[SourceVersion "1"]
[SourceVersionDate "2014.08.29"]
[SourceQuality "1"]

1. d4 d5 2. c4 e6 3. Nf3 c6 4. Qc2 f5 5. g3 Nf6 6. Bg2 Be7 7. 0-0 0-0 8. Ne5 Ne4 9. Nd2 Nd7 10. e3 Ndf6 11. f3 Ng5 12. c5 Qe8 13. f4 Nge4 14. Nxe4 Nxe4 15. Bd2 Qh5 16. Ba5 Rf6 17. Bf3 Qh6 18. Bxe4 fxe4 19. Ng4 Qh5 20. Nxf6+ Bxf6 21. Bc7 Bd7 22. Bd6 Qg4 23. Qg2 b6 24. b4 Bc8 25. Rfc1 b5 26. Rf1 a5 27. a3 h6 28. Be5 Be7 29. h3 Qg6 30. Kh2 Bd7 31. Qd2 a4 32. Rg1 Be8 33. Raf1 Qh7 34. g4 Bh4 35. Qg2 Ra7 36. g5 hxg5 37. fxg5 Bg6 38. Rf4 Bf5 39. Rff1 g6 40. Bf6 Qh5 41. Rh1 Rh7 42. Kg1 Kf7 43. Qh2 Bxg5 44. Qc7+ Kxf6 45. Qe5+ Kf7 46. Qc7+ Be7 47. Qxc6 Qe2 48. Qb7 Qxe3+ 49. Kg2 Qg5+ 50. Kf2 Qd2+ 51. Kg3 Qxd4 52. c6 Kf6 53. Qd7 Qe3+ 54. Kg2 Qg5+ 55. Kf2 Rxh3 56. Rxh3 Bxh3 57. c7 Qf4+ 58. Ke2 Qxf1+ 59. Kd2 Qd3+ 60. Ke1 e3 0-1

[Event "Sokolka op 5th"]
[Site "Sokolka"]
[Date "2014.07.10"]
[Round "3"]
[White "Glapa, Witold"]
[Black "Miakisz, Wojciech"]
[Result "1-0"]
[WhiteElo "1723"]
[BlackElo "1580"]
[PlyCount "81"]
[EventDate "2014.07.08"]
[EventType "swiss"]
[EventRounds "9"]
[EventCountry "POL"]
[SourceTitle "CBM 161 Extra"]
[Source "ChessBase"]
[SourceDate "2014.08.29"]
[SourceVersion "1"]
[SourceVersionDate "2014.08.29"]
[SourceQuality "1"]

1. e4 c5 2. Nf3 d6 3. d4 cxd4 4. Nxd4 Nf6 5. Nc3 a6 6. Be2 e5 7. Nb3 Be6 8. Bg5 Be7 9. Qd2 Nbd7 10. 0-0 b5 11. f3 h6 12. Be3 Nb6 13. Na5 Rc8 14. a3 d5 15. exd5 Nbxd5 16. Nxd5 Nxd5 17. b4 Qc7 18. Bd3 Nxe3 19. Qxe3 0-0 20. Kh1 f5 21. Rae1 Bd6 22. Qd2 Be7 23. Qe2 Bf6 24. Rc1 Qc3 25. Nb7 Qxa3 26. Nc5 Rxc5 27. bxc5 Qxc5 28. Ra1 Qb6 29. Rab1 Ra8 30. g4 Qd4 31. gxf5 Bf7 32. Ra1 Bd5 33. Rfd1 Qc5 34. Be4 Bc4 35. Bd3 Bxd3 36. Rxd3 e4 37. Qxe4 Rc8 38. Rxa6 Qxc2 39. Rad6 Qb1+ 40. Rd1 Qb2 41. Qe6+ 1-0

[Event "POL-chT3 Wielkopolska 1112"]
[Site "Poland"]
[Date "2012.??.??"]
[Round "7.21"]
[White "Glapa, Witold"]
[Black "Glatty, Zbigniew"]
[Result "1-0"]
[WhiteElo "1801"]
[BlackElo "1944"]
[PlyCount "73"]
[EventDate "2011.11.27"]
[EventType "team-tourn"]
[EventRounds "11"]
[EventCountry "POL"]
[SourceTitle "EXT 2014"]
[Source "ChessBase"]
[SourceDate "2013.11.20"]
[SourceVersion "1"]
[SourceVersionDate "2013.11.20"]
[SourceQuality "1"]
[WhiteTeam "Leszno Wieniawa"]
[BlackTeam "Steszew Lipno"]
[WhiteTeamCountry "POL"]
[BlackTeamCountry "POL"]

1. e4 e5 2. Nf3 Nc6 3. Bc4 Bc5 4. c3 Nf6 5. b4 Bb6 6. d3 d6 7. h3 h6 8. 0-0 0-0 9. a4 a6 10. a5 Ba7 11. Re1 Qe7 12. Nbd2 Be6 13. Bb3 Bxb3 14. Nxb3 Kh7 15. Qc2 Nh5 16. d4 Qf6 17. Be3 Nf4 18. Kh2 g5 19. g3 Ng6 20. Qe2 Rfe8 21. d5 Nce7 22. c4 Qg7 23. Bxa7 Rxa7 24. c5 f5 25. Rac1 fxe4 26. Qxe4 dxc5 27. Nxc5 c6 28. d6 Nd5 29. d7 Rd8 30. Nxe5 Qxe5 31. Qxe5 Nxe5 32. Rxe5 b6 33. axb6 Nxb6 34. Re8 Raa8 35. Rxd8 Rxd8 36. Ne6 Rxd7 37. Nf8+ 1-0

[Event "POL-chT3 Wielkopolska 1112"]
[Site "Poland"]
[Date "2012.??.??"]
[Round "11.9"]
[White "Wojtkowski, Pawel"]
[Black "Glapa, Witold"]
[Result "1-0"]
[WhiteElo "1974"]
[BlackElo "1801"]
[PlyCount "129"]
[EventDate "2011.11.27"]
[EventType "team-tourn"]
[EventRounds "11"]
[EventCountry "POL"]
[SourceTitle "EXT 2014"]
[Source "ChessBase"]
[SourceDate "2013.11.20"]
[SourceVersion "1"]
[SourceVersionDate "2013.11.20"]
[SourceQuality "1"]
[WhiteTeam "Srem LKS Piast"]
[BlackTeam "Leszno Wieniawa"]
[WhiteTeamCountry "POL"]
[BlackTeamCountry "POL"]

1. Nf3 d5 2. d4 c6 3. e3 Bg4 4. c4 e6 5. Nc3 Bd6 6. Be2 f5 7. Qb3 Qc8 8. 0-0 Nf6 9. Bd2 Ne4 10. Qd1 0-0 11. Ne5 Bxe2 12. Qxe2 Bxe5 13. dxe5 Nxd2 14. Qxd2 dxc4 15. Rfd1 Na6 16. Qe2 b5 17. a4 Nc7 18. Rd6 Ne8 19. Rdd1 a6 20. b3 cxb3 21. Qb2 Nc7 22. Qxb3 Nd5 23. Ne2 Qb8 24. Nd4 Qxe5 25. Nxc6 Qf6 26. Nd4 bxa4 27. Rxa4 Rfb8 28. Qd3 Nb4 29. Qc4 Nd5 30. Rxa6 Rxa6 31. Qxa6 Re8 32. Qc6 Re7 33. Qc8+ Kf7 34. Nf3 h6 35. h3 Qb2 36. Rd4 Rc7 37. Qd8 Kg6 38. Qe8+ Kh7 39. Qxe6 Rc1+ 40. Kh2 Qb8+ 41. Ne5 Nf6 42. Qxf5+ Kg8 43. f4 Qa8 44. Nd7 Nxd7 45. Rxd7 Qe8 46. Qg4 g6 47. Rb7 Re1 48. Rc7 h5 49. Rc8 hxg4 50. Rxe8+ Kf7 51. Re5 gxh3 52. Kxh3 Kf6 53. Kg4 Rg1 54. g3 Re1 55. Kf3 Rf1+ 56. Ke2 Rc1 57. Kf2 Ra1 58. g4 Rb1 59. g5+ Kf7 60. Ra5 Ke6 61. Ra6+ Kf5 62. Rf6+ Kg4 63. Rxg6 Rb2+ 64. Ke1 Kf3 65. Re6 1-0